FIFA 20 - German Player Names - Statistics

General Stats
  • This quiz has been taken 368 times
  • The average score is 17 of 24
Answer Stats
Surname Name % Correct
Neuer Manuel
97%
Havertz Kai
95%
Reus Marco
94%
Kroos Toni
94%
Schweinsteiger Bastian
92%
Rüdiger Antonio
91%
Müller Thomas
91%
Kimmich Joshua
90%
Özil Mesut
90%
Werner Timo
90%
Sané Leroy
89%
Klose Miroslav
89%
Götze Mario
88%
Brandt Julian
85%
Gnabry Serge
85%
Can Emre
84%
Gündoğan Ilkay
83%
Hummels Mats
82%
Ballack Michael
82%
Trapp Kevin
81%
Khedira Sami
79%
Goretzka Leon
78%
Draxler Julian
77%
ter Stegen Marc-Andre
77%
Boateng Jerome
76%
Podolski Lukas
73%
Volland Kevin
71%
Weigl Julian
66%
Matthäus Lothar
65%
Tah Jonathan
63%
Süle Niklas
63%
Leno Bernd
62%
Vogt Kevin
61%
Horn Timo
59%
Lehmann Jens
47%
Bender Lars
47%
Stindl Lars
47%
Kruse Max
45%
Bender Sven
44%
Meyer Max
43%
Bellarabi Karim
41%
Schultz Nico
41%
Kehrer Thilo
34%
Höwedes Benedikt
33%
Hector Jonas
32%
da Costa Danny
30%
Uth Mark
30%
Mustafi Shkodran
28%
Eggestein Maximilian
21%
Esswein Alexander
15%
No matching quizzes found
Score Distribution
Percent of People with Each Score
Percentile by Number Answered
Your Score History
You have not taken this quiz